| 000 | 01428cam a22004334i 4500 | ||
|---|---|---|---|
| 003 | PE-LiUPU | ||
| 005 | 20250731172924.0 | ||
| 008 | 170508s1985 xxu rb 000 0 spa d | ||
| 035 | _a(Sirsi) a203899 | ||
| 040 |
_aPE-LiUPU _bspa _cPE-LiUPU _erda |
||
| 049 | _aPRUA | ||
| 082 | 0 | 4 |
_a263 _bM26 |
| 100 | 1 |
_aMarcussen, A. Jan, _eautor. |
|
| 245 |
_aLey dominical Nacional : _bFuerzas se unen entre estupensa crisis / _cA. Jan Marcussen. |
||
| 264 |
_aUSA :bAmazing truth, _c1985. |
||
| 300 |
_a91 páginas ; _c22 centímetros. |
||
| 336 |
_text _2rdacontent |
||
| 337 |
_unmediated _2rdamedia |
||
| 338 |
_volume _2rdacarrier |
||
| 504 | _aBibliografía : página 91. | ||
| 505 | 0 | _aLa bestia con dos cuernos -- Dinamita -- La marca de la bestia -- La imagen de la bestia -- El conflicto mundial. | |
| 526 | _aSEG42 | ||
| 526 | _aSEG41 | ||
| 526 | _aSEG40 | ||
| 526 | _aSEG39 | ||
| 526 | _aP94 | ||
| 526 | _aP87 | ||
| 526 | _aP86 | ||
| 526 | _aP85 | ||
| 526 | _aP77 | ||
| 526 | _aP76 | ||
| 526 | _aP35 | ||
| 650 | 0 | 4 | _aMarca de la bestia. |
| 650 | 0 | 4 | _aImagen de la bestia. |
| 596 | _a1 | ||
| 942 |
_2ddc _cBOOK |
||
| 999 |
_a263 M26 _wDEWEY _c20276 _i75807 _d20276 _f2021-11-10 _g4 _lCCODEBUL1 _mBUL _p5.00 _q1 _r0 _sY _tBOOK _u2017-5-8 _xTEOLOGIA _PP85 _0DONACION _o.STAFF. Colección Teología |
||
| 980 |
_81 _gALBERTO SANCHEZ Responsable de Automatización |
||